Super Mario 64 Worlds - Statistics

General Stats
  • This quiz has been taken 1,353 times
  • The average score is 10 of 15
Answer Stats
Number Answer % Correct
1 Bob-omb Battlefield
92%
2 Whomp’s Fortress
81%
14 Tick-Tock Clock
70%
9 Dire Dire Docks
69%
3 Jolly Roger Bay
68%
4 Cool Cool Mountain
67%
7 Lethal Lava Land
65%
15 Rainbow Ride
61%
6 Hazy Maze Cave
60%
11 Wet-Dry World
58%
13 Tiny Huge Island
57%
8 Shifting Sand Land
56%
12 Tall Tall Mountain
55%
5 Big Boo’s Haunt
52%
10 Snowman’s Land
52%
No matching quizzes found
Score Distribution
Percent of People with Each Score
Percentile by Number Answered
Your Score History
You have not taken this quiz